000 00811cam a22002418a 4500
001 43811362
003 OCoLC
005 20250206133913.0
008 000329s2000 tnu 001 0 eng
020 _a0785268030
040 _aDLC
_cDLC
_dCDC
082 _a248.844
_bRAI 1
092 _a248.844
_bR156S2
100 1 _aRainey, Dennis,
_d1948-
245 1 0 _aStarting your marriage right :
_bwhat you need to know and do in the early years to make it last a lifetime /
_cDennis and Barbara Rainey
260 _aNashville, [Tenn.] :
_bThomas Nelson,
_c2000
300 _ax, 275 p. :
_bill. ;
_c24 cm
504 _aIncludes bibliographical references (p. 274-275)
650 0 _aMarriage
_zUnited States
650 0 _aMarriage
_xReligious aspects
_xChristianity
700 1 _aRainey, Barbara
942 _2ddc
_cBK
_n0
999 _c10629
_d10629